000 00438nam a2200181Ia 4500
001 1240
005 20260306140617.0
008 260306t2003||||xx |||||||||||||| ||spa||
041 _aESP
082 _a189.4
_bT69 T. 2
100 _aTómas de Aquino, Santo
_eAUT
245 0 _aOpúsculos y cuestiones selectas:
_bfilosofía
260 _c2003
300 _aT. 2
_c23 cm.
650 _aGEN
654 _aCHU
942 _cLIB
_dJUS
_fJUS
_2ddc
_n
999 _c1240
_d1240